The Japanese tradition in British and American literature

Salvato in:
Dettagli Bibliografici
Autore principale: Miner, Earl
Natura: Libro
Lingua:Undetermined
Pubblicazione: Princeton Princeton University Press 1966
Soggetti:
Tags: Aggiungi Tag
Nessun Tag, puoi essere il primo ad aggiungerne! !
Thư viện lưu trữ: Trung tâm Học liệu Trường Đại học Cần Thơ
LEADER 00766nam a2200193Ia 4500
001 CTU_113678
008 210402s9999 xx 000 0 und d
082 |a 820.9 
082 |b M664 
100 |a Miner, Earl 
245 4 |a The Japanese tradition in British and American literature 
245 0 |c Earl Miner 
260 |a Princeton 
260 |b Princeton University Press 
260 |c 1966 
650 |a English literature,American literature,Literature, comparative,Literature, comparative,Literature, comparative,Literature, comparative 
650 |x History and criticism,History and criticism,English and japanese,Japanese and english,American and japanese,Japanese and american 
904 |i Giang 
980 |a Trung tâm Học liệu Trường Đại học Cần Thơ